ბათუმის შოთა რუსთაველის სახელმწიფო უნივერსიტეტის ბიბლიოთეკა

როცა ცდები = Being wrong : (ბიბ.ჩანაწერი № 36911)

000 -ლიდერი
ფიქსირებული სიგრძის საკონტროლო ველი 01134nam a2200253Ia 4500
001 - საკონტროლო ნომერი
საკონტროლო ველი 2862
003 - საკონტროლო ნომრის იდენტიფიკატორი
საკონტროლო ველი GE_BSU
005 - ბოლო ოპერაციის თარიღი და დრო
საკონტროლო ველი 20190610210308.0
008 - ფიქსირებული სიგრძის მონაცემთა ელემენტები - ზოგადი ინფორმაცია
ფიქსირებული სიგრძის საკონტროლო ველი 181216s2012||||ge |||||||||||||| ||geo||
020 ## - წიგნის საერთაშორისო სტანდარტული ნომერი
International Standard Book Number 9789941926012
040 ## - კატალოგიზაციის წყარო
Transcribing agency GE_BSU
041 ## - ენის კოდი
Language code of text/sound track or separate title geo
080 ## - უნივერსალური ათობითი კლასიფიკაციის ინდექსი
Universal Decimal Classification number 168.35 შ–94
100 ## - მთავარი ჩანაწერი - პიროვნების სახელი
Personal name შულცი, ქეთრინ
9 (RLIN) 2384
245 ## - ცნობა სათაურის შესახებ
Title როცა ცდები = Being wrong :
Remainder of title თავგადასავალი შეცდომის ზღვარზე /
Statement of responsibility, etc ქეთრინ შულცი ; მთარგმნ. ხათუნა ახობაძე ; რედ. ცირა ბარქაია
264 ## - წარმოების, გამოცემის, დისტრიბუციის და სხვა ცნობები
გამოცემის, წარმოების, დისტრიბუციის... ადგილი თბილისი :
გამოცემის, წარმოების, დისტრიბუციის... სახელწოდება რადარამი,
გამოცემის, წარმოების, დისტრიბუციის... თარიღი 2012.
300 ## - ფიზიკური აღწერა
Extent 458 გვ.
Other physical details 20 სმ.
500 ## - ზოგადი შენიშვნა
General note შენიშვნ.: გვ. 396-458.
653 ## - INDEX TERM--UNCONTROLLED
Uncontrolled term შეცდომები
653 ## - INDEX TERM--UNCONTROLLED
Uncontrolled term შეცდომების აღიარება
700 ## - ADDED ENTRY--PERSONAL NAME
Personal name ახობაძე, ხათუნა
Relator term მთარგმნელი
9 (RLIN) 2385
700 ## - ADDED ENTRY--PERSONAL NAME
Personal name ბარქაია, ცირა
Relator term რედაქტორი
9 (RLIN) 2386
942 ## - ADDED ENTRY ELEMENTS (KOHA)
Koha item type წიგნი
Source of classification or shelving scheme
ეგზემპლარები
ჩამოწერის სტატუსი დაკარგული ეგზემპლარის სტატუსი კლასიფიკაციის წყარო ან თაროზე გაწყობის სქემა დაზიანების სტატუსი არ გაიცემა მუდმივი მდებარეობა (დაცვის ადგილი) ამჟამინდელი ადგილსამყოფელი თაროზე განთავსების ადგილი შეძენის თარიღი სრული შენახვის შიფრი შტრიხკოდი ბოლო ოპერაციის თარიღი ეგზემპლარის მიმდევრობითი ნომერი (კეტერი?) ფასის ძალაში შესვლის თარიღი ეგზემპლარის სახეობა საჯარო შენიშვნა
          ბათუმის შოთა რუსთაველის სახელმწიფო უნივერსიტეტის მთავარი ბიბლიოთეკა ბათუმის შოთა რუსთაველის სახელმწიფო უნივერსიტეტის მთავარი ბიბლიოთეკა წიგნსაცავი 2018-12-17 168.35 შ–94 4781 2018-12-17 4781 2018-12-17 წიგნი
          ბათუმის შოთა რუსთაველის სახელმწიფო უნივერსიტეტის მთავარი ბიბლიოთეკა ბათუმის შოთა რუსთაველის სახელმწიფო უნივერსიტეტის მთავარი ბიბლიოთეკა წიგნსაცავი 2018-12-17 168.35 შ–94 4782 2018-12-17 4782 2018-12-17 წიგნი
          ბათუმის შოთა რუსთაველის სახელმწიფო უნივერსიტეტის მთავარი ბიბლიოთეკა ბათუმის შოთა რუსთაველის სახელმწიფო უნივერსიტეტის მთავარი ბიბლიოთეკა წიგნსაცავი 2018-12-17 168.35 4783 2018-12-17 4783 2018-12-17 წიგნი